|
|
|
|
| LEADER |
01390nam a2200325 a 4500 |
| 001 |
000093256 |
| 003 |
CZ BrMZK |
| 005 |
20200213103009.0 |
| 007 |
ta |
| 008 |
010907s1995 xr f cze d |
| 020 |
|
|
|a 80-85601-98-2
|
| 040 |
|
|
|a BOA001
|b cze
|
| 080 |
|
|
|a 820-311.6=850
|2 MRF
|
| 100 |
1 |
|
|a Higgins, Jack,
|d 1929-2022
|7 jn20000602931
|4 aut
|
| 245 |
1 |
0 |
|a Orel přistál :
|b jeden z nejlepších válečných románů všech dob /
|c Jack Higgins ; [z angličtiny přeložil Viktor Janiš, Zuzana Šťastná]
|
| 250 |
|
|
|a Vyd. 1.
|
| 260 |
|
|
|a Plzeň :
|b Laser,
|c 1995
|
| 300 |
|
|
|a 307 s. ;
|c 22 cm
|
| 490 |
1 |
|
|a Thriller ;
|v sv. 2
|
| 520 |
|
|
|a Válečný román, jehož děj se snaží oživit události vztahující se k pokusu německých parašutistů unést britského premiéra Winstona Churchila v roce 1943. Přinejmenším padesát procent textu tvoří historicky doložená fakta.
|
| 653 |
0 |
|
|a Churchill, Winston, Sir 1874-1965
|a světová válka 2.
|
| 655 |
|
7 |
|a válečné romány
|7 fd133831
|2 czenas
|
| 700 |
1 |
|
|a Šťastná, Zuzana,
|d 1975-
|7 mzk2007394720
|4 trl
|
| 700 |
1 |
|
|a Janiš, Viktor,
|d 1974-
|7 jn20010309502
|4 trl
|
| 765 |
0 |
|
|t Eagle has landed
|9 Česky
|
| 830 |
|
0 |
|a Thriller (Laser)
|
| 910 |
|
|
|a BOA001
|b 2-1024.555
|
| 990 |
|
|
|a BK
|
| 991 |
|
|
|f B-HIG
|
| 996 |
6 |
|
|b 2610041763
|c 2-1024.555
|l MZK
|r Sklad / do 1 hodiny
|n 24
|p p.v.
|w 000093256
|u 000010
|a 1
|e BOA001
|j MZK50
|s P
|